Представление документа в формате MARC21

Поле Инд. ПП Название Значение
Тип записи a
Библиографический уровень m
001 Контрольный номер RU/IS/BASE/440179423
005 Дата корректировки 20240331110149.9
020 a ISBN 978-5-496-00040-6
c Цена, тираж 322 р.
040 b Код языка каталог. rus
e Правила каталог. PSBO
041 0_ a Код языка текста rus
080 a Индекс УДК 658.562.018(075.8)
a Индекс УДК 005.6(075.8)
090 a Полочн. индекс 658
x Авторский знак М 62
097 b Оператор *Ж*
b Оператор *Вин*
b Оператор *Ольга*
100 1_ a Автор Минько Э.В.
245 10 a Заглавие Менеджмент качества
b Продолж. заглавия учеб. пособие по специальностям 080301 - "Коммерция (торговое дело)", 080111 - "Маркетинг" и по направлению 100700.62 - "Торговое дело", др. экон. спец. и напр. вузов, и изучающим дисциплины "Управление качеством", "Качество и конкурентоспособность продукции и процессов", "Стандартизация, метрология и подтверждение соответствия".
b Продолж. заглавия в составе учебно-методического комплекса
260 a Место издания СПб.
b Издательство Питер
c Дата издания 2013
300 a Объем 268 с.
440 _0 a Серия Стандарт третьего поколения
a Серия УМК-У
516 8_ a Прим. о типе комп. файла/ данных Текст : непосредственный
520 0_ a Аннотация В учебном пособии рассматриваются основные концептуальные и методологические положения менеджмента качества и конкурентоспособности продукции, квалиметрический подход к определению показателей и оценке качества продукции и товаров, количественной оценке конкурентоспособности продукции и предприятий. Раскрываются сущность, принципы и методы нормативного обеспечения качества продукции и процессов, основные направления технического регулирования (технические регламенты, стандартизация и подтверждение соответствия), состав и структура международных стандартов в области менеджмента качества.
583 a Действие Приписка : УМК
653 0_ a Ключевые слова Менеджмент качества
a Ключевые слова Менеджмент конкурентоспособности
a Ключевые слова Оценка конкурентоспособности
655 07 a Жанр/ форма (устаревшее) У
700 12 a Другие авторы Минько А.Э.
773 18 w Контрольный № источника RU/IS/BASE/557417402
w Контрольный № источника RU/IS/BASE/541778030
901 t Тип документа m
905 a Дата создания записи 26.04.14
a Дата создания записи 30.08.17
940 a ФУСК
952 g 1
b Гриф литературы для ВШ Гриф УМО
a Тип литературы для КСУ ВШ У2
990 h N записи в КСУ для Б/У (DOS) 75/2013
j Количество экземпляров (DOS) 2
f Даты поступлений (DOS) 12.12.13
g Размещение заказа (DOS) Питер
c Приоритет заказа (DOS) о